000 00543nam a2200217Ia 4500
008 160404s9999 xx 000 0 und d
020 _a978-971-98-0218-1
050 _aFIL HF 5415.12
050 _b.P5Z37 2014
100 _aZarate, Cynthia A.
245 _aPrinciples of marketing /
245 _cCynthia A. Zarate
260 _aQuezon City:
260 _bC&E Publishing, Inc.
260 _c2014
300 _a113 pages :
300 _billustrations ;
300 _c9 cm.
500 _aIncludes index.
650 _aMarketing.
999 _c293329
_d293329